EFFFECTIVENESS OF THE NURSING PROCESS TRAINING ON ITS UTILIZATION AMONG NURSES IN SELECTED COUNTY REFERRAL HOSPITALS IN KENYA (Record no. 16375)
[ view plain ]
| 000 -LEADER | |
|---|---|
| fixed length control field | 00537nam a22001697a 4500 |
| 003 - CONTROL NUMBER IDENTIFIER | |
| control field | OSt |
| 005 - DATE AND TIME OF LATEST TRANSACTION | |
| control field | 20240521111925.0 |
| 008 - FIXED-LENGTH DATA ELEMENTS--GENERAL INFORMATION | |
| fixed length control field | 240521b |||||||| |||| 00| 0 eng d |
| 040 ## - CATALOGING SOURCE | |
| Transcribing agency | chuka university |
| 050 ## - LIBRARY OF CONGRESS CALL NUMBER | |
| Classification number | THE RT 120. |
| Item number | G53 2023 |
| 100 ## - MAIN ENTRY--PERSONAL NAME | |
| Personal name | B.W GICHOBI |
| 9 (RLIN) | 14491 |
| 245 ## - TITLE STATEMENT | |
| Title | EFFFECTIVENESS OF THE NURSING PROCESS TRAINING ON ITS UTILIZATION AMONG NURSES IN SELECTED COUNTY REFERRAL HOSPITALS IN KENYA |
| 260 ## - PUBLICATION, DISTRIBUTION, ETC. | |
| Place of publication, distribution, etc. | NAIROBI,KENYA |
| Name of publisher, distributor, etc. | BETH WANJIRA GICHOBI |
| Date of publication, distribution, etc. | 2023 |
| 300 ## - PHYSICAL DESCRIPTION | |
| Extent | 147p |
| 650 ## - SUBJECT ADDED ENTRY--TOPICAL TERM | |
| Topical term or geographic name entry element | Nursing |
| 9 (RLIN) | 8975 |
| 942 ## - ADDED ENTRY ELEMENTS (KOHA) | |
| Source of classification or shelving scheme | Library of Congress Classification |
| Koha item type | Long Loan Books |
| Suppress in OPAC | No |
| Withdrawn status | Lost status | Source of classification or shelving scheme | Damaged status | Not for loan | Home library | Current library | Shelving location | Date acquired | Total Checkouts | Full call number | Barcode | Date last seen | Copy number | Price effective from | Koha item type |
|---|---|---|---|---|---|---|---|---|---|---|---|---|---|---|---|
| Library of Congress Classification | Main Campus Library | Main Campus Library | General Stacks | 21/05/2024 | THE RT 120.G53 2023 | 22959/2024 | 21/05/2024 | 1 | 21/05/2024 | Long Loan Books |
